000 00922cam a2200205 i 4500
005 20260126123734.0
008 250721s2002 le gr 000 0 ara d
082 1 4 _a346.07
_bع ر ي
100 1 _aالعريني، محمد فريد
_eمؤلف.
245 1 2 _aالقانون التجاري :
_bالأعمال التجارية - التجار - الأموال التجارية - الشركات التجارية /
_cدكتور محمد فريد العريني، دكتور محمد السيد الفقي.
264 3 1 _aالإسكندرية :
_bدار المطبوعات الجامعية،
_c2002.
300 _a813 صفحة.
490 0 _aالكتب القانونية
650 1 7 _aالقانون التجاري.
650 1 7 _aقانون الشركات.
650 1 7 _aالشركات التجارية.
700 1 _aفقي، محمد السيد
_eمؤلف.
942 _2ddc
_cBK
999 _c81211
_d81211